02001nam a2200217 a 4500008004100000020001800041041000800059092001600067100002300083245006400106250001100170260005600181300002200237500012100259505107900380590004601459655002101505942001301526999001501539952022901554011117t2015 ag |||g |||| 000 0 spa d a9789876579780 aspa c808l4sARC1 aArce, Rafael93343 aJuan José Saer.bLa felicidad de la novela /cRafael Arce a1a ed. aSanta Fe:bUniversidad Nacional del Litoral;c2015. a208 p.c22x14 cm. aArce, R. (2015). Juan José Saer. La felicidad de la novela. (1a ed.). Santa Fe : Universidad Nacional del Litoral. a¿Qué sugieren los dos puntos que esconden el título? No sólo la equivalencia implícita en los términos intercambiables, sino también la voluntad de lectura. La obra de Juan José Saer es rescatada de la perplejidad crítica y de la ardua interpretación, para enriquecerla con la reflexión ensayística. Rafael Arce busca una nueva predicación intelectual para esta literatura que se mueve apenas entre la rigidez y la previsibilidad académicas. La noción de felicidad no incluye solamente la narrativa lograda y la ficción perdurable, sino también el ensayo como espacio hospitalario de iluminación conceptual. Precisamente, la felicidad postulada por Arce en estas tesis pasa por activar otras premisas y miradas sobre la literatura de Saer, que trasciendan y actualicen el edificio de jerarquías con que la crítica académica fracciona el corpus de este autor. Cuanto más se escribe sobre Saer, más replegada o muda parecer quedar su literatura. No tanto a resolver incógnitas, Arce viene a ofrecer estrategias para acecharlas.  aDonación. Proyecto Literatura 4to libro aLiteratura92917 2ddccLIT c2512d2512 00102ddc4070aBFMbBFMcCRd2017-11-02eDonación Fondo Nacional de las Artes, Octubre 2017l0o808 4 ARCp4019r2017-11-02tEj.1w2017-11-02yLITzProyecto 4to Libro. Donación Fondo Nacional de las Artes, Octubre 2017